| 000 | 00560nam a2200157Ia 4500 | ||
|---|---|---|---|
| 008 | 170221s9999 xx 000 0 und d | ||
| 100 | _aYuan Ren | ||
| 245 | _aRobust Beamforming and Artificial Noise Design in K-User Interference Channel with Simultaneous Wireless Information and Power Transfer | ||
| 245 | _cYuan Ren, Jian Zhou, and Hui Gao | ||
| 260 | _bJournal of Communications | ||
| 260 | _c2014 | ||
| 300 | _a7 : 1 | ||
| 650 | _xCommunication | ||
| 650 | _xMedia Arts | ||
| 856 | _uhttp://www.jocm.us/index.php?m=content&c=index&a=lists&catid=165 | ||
| 999 |
_c308783 _d308783 |
||